La civilización clásica del Islam / (Record no. 172036)

MARC details
000 -LEADER
campo de control de longitud fija 00859nam a22002415i 4500
001 - NÚMERO DE CONTROL
campo de control 172036
003 - IDENTIFICADOR DE NÚMERO DE CONTROL
campo de control ES-MaACL
005 - FECHA Y HORA DE LA ÚLTIMA TRANSACCIÓN
campo de control 20230906214810.0
008 - DATOS DE LONGITUD FIJA--INFORMACIÓN GENERAL
campo de control de longitud fija 090612s1981 sp |||| | spa d
080 ## - NÚMERO DE LA CLASIFICACIÓN DECIMAL UNIVERSAL
Número de la Clasificación Decimal Universal 008:297
100 1# - ENTRADA PRINCIPAL--NOMBRE DE PERSONA
Nombre de persona Sourdel, Dominique.
9 (RLIN) 107571
245 13 - MENCIÓN DEL TÍTULO
Título La civilización clásica del Islam /
Mención de responsabilidad, etc. D. y J. Sourdel ; traducción [del francés] de Dolores Sánchez de Aleu.
250 ## - MENCION DE EDICION
Mención de edición [1ª ed.].
260 ## - PUBLICACIÓN, DISTRIBUCIÓN, ETC.
Lugar de publicación, distribución, etc. Barcelona :
Nombre del editor, distribuidor, etc. Juventud,
Fecha de publicación, distribución, etc. 1981.
300 ## - DESCRIPCIÓN FÍSICA
Extensión 697 p., 78 h. con lám. neg. y col., 2 h. con map. pleg. :
Otras características físicas il. ;
Dimensiones 23 cm.
490 1# - MENCIÓN DE SERIE
Mención de serie Las grandes civilizaciones ;
Designación de volumen o secuencia 8
650 14 - PUNTO DE ACCESO ADICIONAL DE MATERIA--TÉRMINO DE MATERIA
Término de materia o nombre geográfico como elemento de entrada Civilización musulmana.
9 (RLIN) 11099
700 1# - ENTRADA AGREGADA--NOMBRE PERSONAL
Nombre de persona Sourdel, Janine.
9 (RLIN) 140641
700 1# - ENTRADA AGREGADA--NOMBRE PERSONAL
Nombre de persona Sánchez Aleu, Dolores.
9 (RLIN) 174488
830 0# - PUNTO DE ACCESO ADICIONAL DE SERIE-TÍTULO UNIFORME
Título uniforme Las grandes civilizaciones ;
Designación de volumen o secuencia 8
9 (RLIN) 223239
852 ## - LOCALIZACIÓN
Ubicación ES-MaACL
Número de control de estantería L-2772
itemnumber R.103235
Holdings
Estatus retirado Estado de pérdida Estado de daño No para préstamo Biblioteca de origen Biblioteca actual Ubicación en estantería Fecha de adquisición Fuente de adquisición Total de préstamos Signatura topográfica completa Código de barras Visto por última vez Precio de reemplazo Tipo de ítem Koha
        Biblioteca del Ateneo de Madrid Biblioteca del Ateneo de Madrid Depósito 2 12/06/2009     L-2772 1180541 23/02/2023 23/02/2023 Libro impreso